| 000 | 00984nam a2200265 a 4500 | ||
|---|---|---|---|
| 008 | 111021s2011 ag ||||f |||| 001 0 spa d | ||
| 020 | _a9789876011372 | ||
| 041 | _aspa | ||
| 092 |
_c371.1022 _l66 _sPET |
||
| 100 | 1 |
_aPetracci, Mónica _eComps. _91629 |
|
| 245 |
_aComunicacion y salud en la Argentina / _cMónica Petracci |
||
| 250 | _a1a ed. | ||
| 260 |
_aBuenos Aires: _bLa Crujia; _c2011. |
||
| 300 |
_a472 p. _c20x14 cm. |
||
| 500 | _aPetracci, M. y Waisbord, S. (Comps). (2011). Comunicación y salud en la Argentina. (1a ed.). Buenos Aires : La Crujia. | ||
| 590 | _aCompra Facimed 2011 | ||
| 590 | _aDirector de la Colección Inclusiones Daniel Fernández Pedemonte | ||
| 653 | _aDesafios de salud pública en la Argentina | ||
| 653 | _aSalud en los medios | ||
| 653 | _aComunicación médica institucional | ||
| 653 | _aCampañas e intervenciones | ||
| 653 | _aPolíticas de salud y comunicación | ||
| 700 | 1 |
_aWaisbord, Silvio _eComps. _91630 |
|
| 942 |
_2ddc _cBK |
||
| 999 |
_c1011 _d1011 |
||